[Event "TSF Ditzingen-SV Tuebingen"]
[Site "?"]
[Date "2003.03.22"]
[Round "7.6"]
[White "Stanescu, Christian"]
[Black "Trettin, Ulrich"]
[Result "1/2-1/2"]
[WhiteElo "2063"]
[BlackElo "2040"]
[PlyCount "139"]
[EventDate "2003.??.??"]

1. c4 Nf6 2. Nc3 d5 3. cxd5 Nxd5 4. Nf3 Nc6 5. g3 g6 6. Bg2 Bg7 7. O-O Nb6 8.
d3 O-O 9. Bd2 e5 10. Rb1 Nd4 11. b4 c6 12. Ne1 Bg4 13. h3 Be6 14. Nc2 Qd7 15.
Kh2 Rad8 16. Nxd4 exd4 17. Ne4 Bd5 18. a4 Qe7 19. b5 Rfe8 20. Bb4 Qe6 21. a5
Nd7 22. Nd6 Bxg2 23. Kxg2 Qd5+ 24. Kh2 Re6 25. Nxb7 Rde8 26. bxc6 Qxc6 27. Ba3
Rxe2 28. Nd6 R8e6 29. Ne4 Rc2 30. Rc1 Rxc1 31. Qxc1 Ne5 32. Qxc6 Rxc6 33. Rb1
h6 34. Rb3 Rc2 35. Kg2 Ra2 36. Be7 Nc6 37. Rb7 Rxa5 38. Nf6+ Bxf6 39. Bxf6 Rf5
40. Be7 Nxe7 41. Rxe7 Ra5 42. Rd7 Ra4 43. Kf3 Kg7 44. Ke4 Kf6 45. g4 Ke6 46.
Rd5 Ra2 47. f3 Re2+ 48. Kxd4 Re3 49. Ra5 Rxf3 50. g5 hxg5 51. Rxg5 Rxh3 52. Ra5
f5 53. Ra6+ Kf7 54. Rxa7+ Kf6 55. Ra6+ Kg5 56. Kc4 f4 57. d4 f3 58. Kd3 Rh8 59.
Ke3 Rf8 60. Kf2 Kh5 61. Ra3 Kg4 62. d5 Rf4 63. Rd3 Ra4 64. Rd2 Kf4 65. d6 Ra8
66. Rd4+ Ke5 67. Rd3 Rd8 68. Kxf3 Rxd6 69. Rxd6 Kxd6 70. Kg4 1/2-1/2

[Event "TSF Ditzingen-SV Tuebingen"]
[Site "?"]
[Date "2003.03.22"]
[Round "7.7"]
[White "Moser, Gotthard"]
[Black "Saur, Michael"]
[Result "0-1"]
[WhiteElo "2030"]
[BlackElo "2023"]
[PlyCount "130"]
[EventDate "2003.??.??"]

1. Nc3 e6 2. e4 d5 3. Nf3 Nf6 4. exd5 exd5 5. d4 c5 6. Bb5+ Nc6 7. O-O Be7 8.
Be3 O-O 9. dxc5 Bg4 10. Bxc6 bxc6 11. h3 Bh5 12. g4 Bg6 13. Ne5 Qc8 14. f4 Be4
15. g5 Qxh3 16. Nxe4 Qxe3+ 17. Nf2 Ne4 18. Qg4 Bxc5 19. Ned3 Nxf2 20. Nxf2 Rab8
21. Rae1 Qd4 22. c3 Qc4 23. b4 Bb6 24. Qf3 Qxa2 25. Re2 Qc4 26. Kg2 Bxf2 27.
Rfxf2 Rfe8 28. f5 Re4 29. Rxe4 Qxe4 30. Ra2 Qxf3+ 31. Kxf3 Rb7 32. Ra6 Rc7 33.
Kf4 f6 34. g6 h6 35. Ke3 Kf8 36. Kd4 Ke7 37. Kc5 Kd7 38. Ra1 Rb7 39. Re1 Rb5+
40. Kd4 a5 41. Ra1 axb4 42. Ra7+ Kd6 43. cxb4 Rxb4+ 44. Kd3 Ke5 45. Rxg7 Kxf5
46. Rg8 Rg4 47. g7 Ke6 48. Rc8 Rxg7 49. Rxc6+ Ke5 50. Rc8 Rg3+ 51. Kd2 f5 52.
Re8+ Kd4 53. Rf8 Rg2+ 54. Ke1 f4 55. Kf1 Rg4 56. Kf2 Ke4 57. Re8+ Kd3 58. Kf3
Rh4 59. Rd8 d4 60. Rd6 h5 61. Rd8 Kc3 62. Rc8+ Kd2 63. Rc5 d3 64. Kf2 Rh2+ 65.
Kf1 Ke3 0-1

[Event "TSF Ditzingen-SV Tuebingen"]
[Site "?"]
[Date "2003.03.22"]
[Round "7.8"]
[White "Zimber, Armin"]
[Black "Koppenhoefer, Bernhard"]
[Result "1-0"]
[WhiteElo "2000"]
[BlackElo "2008"]
[PlyCount "77"]
[EventDate "2003.??.??"]

1. c4 Nf6 2. Nc3 d5 3. cxd5 Nxd5 4. g3 g6 5. Bg2 Nxc3 6. bxc3 Bg7 7. Rb1 O-O 8.
Rxb7 Bxb7 9. Bxb7 Nd7 10. Bxa8 Qxa8 11. Nf3 Ne5 12. O-O Nxf3+ 13. exf3 Qd5 14.
Qa4 Qxf3 15. Qxa7 Be5 16. Qe3 Qd5 17. Ba3 Ra8 18. Bxe7 Rxa2 19. Re1 Bd6 20. Bg5
Bf8 21. Bf4 c5 22. Qe4 Qd7 23. Qe8 Rxd2 24. Bh6 Qd6 25. Bxd2 Qxd2 26. Qe3 Bh6
27. Qxd2 Bxd2 28. Re8+ Kg7 29. c4 Bc3 30. Kf1 h5 31. f3 Kf6 32. Ke2 Bd4 33. Re4
Bg1 34. h3 Kg5 35. f4+ Kf5 36. Kf3 Kf6 37. Re5 Bd4 38. Rd5 Bg1 39. Rd1 1-0

[Event "SC Lindenberg-SV Marbach"]
[Site "Marbach"]
[Date "2003.03.22"]
[Round "7.1"]
[White "Eisele, Steffen"]
[Black "Schmidlechner, Alexander"]
[Result "0-1"]
[WhiteElo "2208"]
[BlackElo "2230"]
[PlyCount "72"]
[EventDate "2003.??.??"]

1. d4 f5 2. Nc3 Nf6 3. Bg5 d5 4. e3 e6 5. Nf3 Be7 6. Ne5 Nbd7 7. f4 O-O 8. Be2
c5 9. O-O cxd4 10. exd4 Ne4 11. Bxe7 Qxe7 12. Nxe4 fxe4 13. Qd2 Nxe5 14. fxe5
Bd7 15. g3 Bc6 16. Rxf8+ Rxf8 17. Rf1 Rxf1+ 18. Bxf1 Kf7 19. Bh3 Ke8 20. c3 Kd7
21. Qf4 Kc7 22. Bf1 b5 23. Kf2 b4 24. c4 dxc4 25. Bxc4 Kb6 26. Ke3 Bd5 27. b3
Qc7 28. Qf1 a5 29. h4 a4 30. Bxd5 Qc3+ 31. Kf4 exd5 32. bxa4 Qd2+ 33. Kf5 Qd3
34. Qe1 e3+ 35. Ke6 Qc3 36. Qe2 Qc8+ 0-1

[Event "SC Lindenberg-SV Marbach"]
[Site "Marbach"]
[Date "2003.03.22"]
[Round "7.2"]
[White "Atlas, Dimitry"]
[Black "Brodbeck, Stefan"]
[Result "1-0"]
[WhiteElo "2197"]
[BlackElo "2127"]
[PlyCount "117"]
[EventDate "2003.??.??"]

1. e4 c5 2. c3 Nf6 3. e5 Nd5 4. g3 d6 5. exd6 e6 6. Bg2 Nc6 7. Nf3 Bxd6 8. d4
O-O 9. O-O cxd4 10. Nxd4 Nxd4 11. Qxd4 Qc7 12. Nd2 Bd7 13. Ne4 Be5 14. Qc5 Qxc5
15. Nxc5 Bc6 16. Re1 Bf6 17. Bd2 Rfd8 18. Rad1 Be7 19. Nb3 Ba4 20. Bc1 Bf6 21.
h4 h6 22. Rd2 Nb6 23. Rxd8+ Rxd8 24. Bxb7 Nc4 25. Nc5 Bc2 26. Ba6 Ne5 27. Kg2
Bd1 28. Be2 Bc2 29. f4 Nc6 30. Bf3 Na5 31. Nb7 Nxb7 32. Bxb7 Rd7 33. Bf3 Kf8
34. Be3 Ke7 35. Kf2 Kd8 36. Re2 Bb1 37. a3 g5 38. hxg5 hxg5 39. fxg5 Be5 40.
Rd2 a6 41. Rxd7+ Kxd7 42. Be2 a5 43. Bb6 Bc7 44. Bxc7 Kxc7 45. Ke3 e5 46. Bc4
Bg6 47. g4 a4 48. Bd3 Kc6 49. Bxg6 fxg6 50. Ke4 Kd6 51. c4 Kc5 52. Kxe5 Kxc4
53. Kf6 Kb3 54. Kxg6 Kxb2 55. Kf5 Kxa3 56. g6 Kb2 57. g7 a3 58. g8=Q a2 59.
Qxa2+ 1-0

[Event "SC Lindenberg-SV Marbach"]
[Site "Marbach"]
[Date "2003.03.22"]
[Round "7.3"]
[White "Lach, Bernhard"]
[Black "Scheffknecht, Philipp"]
[Result "1-0"]
[WhiteElo "2180"]
[BlackElo "2129"]
[PlyCount "67"]
[EventDate "2003.??.??"]

1. e4 c5 2. Nc3 Nc6 3. Bb5 Nd4 4. Bc4 a6 5. a4 b6 6. Nf3 e6 7. O-O Bb7 8. d3
Qc7 9. Be3 f5 10. Nxd4 cxd4 11. Bxd4 e5 12. Nd5 Bxd5 13. Bxd5 Rc8 14. Bc3 Nf6
15. Bb3 fxe4 16. dxe4 Bc5 17. Qd3 Rf8 18. Rae1 Ng4 19. Re2 Nf6 20. Qg3 d6 21.
Qh3 Rd8 22. Be6 Rb8 23. b4 Bd4 24. Bxd4 exd4 25. Rd1 a5 26. Rxd4 Ke7 27. Bb3
Rfd8 28. Rc4 Qb7 29. Qc3 Kf8 30. Rc7 Qa8 31. Rf7+ Ke8 32. Rxg7 Nd7 33. Qh3 Nf8
34. Qh5+ 1-0

[Event "SC Lindenberg-SV Marbach"]
[Site "Marbach"]
[Date "2003.03.22"]
[Round "7.4"]
[White "Gehrmann, Holger"]
[Black "Meschke, Andreas"]
[Result "1-0"]
[WhiteElo "2094"]
[BlackElo "2136"]
[PlyCount "73"]
[EventDate "2003.??.??"]

1. d4 d5 2. c4 dxc4 3. Nf3 Nf6 4. Nc3 a6 5. a4 Nc6 6. e3 Bg4 7. Bxc4 e6 8. h3
Bh5 9. Be2 Bb4 10. O-O O-O 11. g4 Bg6 12. Nh4 Bxc3 13. Nxg6 Bxb2 14. Nxf8 Bxa1
15. Ba3 Bc3 16. Qb3 Nd5 17. Qxb7 Ndb4 18. Bxb4 Nxb4 19. Nd7 Rc8 20. Nc5 Rb8 21.
Qe4 a5 22. Rc1 Bb2 23. Rb1 Nd5 24. Qc2 Ba3 25. Nb7 Qh4 26. Kg2 h5 27. Bf3 Qg5
28. Rb5 hxg4 29. hxg4 Bb4 30. Qc6 Qh4 31. Nc5 Rxb5 32. Qxb5 Be1 33. Qb8+ Kh7
34. Qb1+ f5 35. Qxe1 fxg4 36. Be4+ Kg8 37. Qh1 1-0

[Event "SC Lindenberg-SV Marbach"]
[Site "Marbach"]
[Date "2003.03.22"]
[Round "7.5"]
[White "Rabl, Joerg Steffen"]
[Black "Ahner, Thomas"]
[Result "1-0"]
[WhiteElo "2093"]
[BlackElo "1956"]
[PlyCount "135"]
[EventDate "2003.??.??"]

1. e4 d5 2. exd5 Qxd5 3. Nc3 Qa5 4. d4 c6 5. Nf3 Nf6 6. Be2 Bf5 7. O-O Nbd7 8.
Bf4 e6 9. a3 Be7 10. Qd2 O-O 11. Rfe1 Rfe8 12. h3 Bf8 13. Bh2 Nd5 14. b4 Qd8
15. Nd1 N7f6 16. c4 Ne4 17. Qb2 Ndf6 18. Ne3 Bg6 19. Rad1 Rc8 20. Ne5 Nd7 21.
Nxg6 hxg6 22. Bd3 Ndf6 23. Nf1 Nd6 24. Nd2 Nf5 25. Nf3 Bd6 26. Be5 Bb8 27. g4
Ne7 28. Qe2 a6 29. Qe3 b5 30. Bxb8 Rxb8 31. Ne5 Qd6 32. Qf3 Rf8 33. Qf4 Rbd8
34. Bf1 bxc4 35. Bxc4 Ned5 36. Qf3 a5 37. bxa5 c5 38. Bf1 cxd4 39. Rxd4 Rc8 40.
Rc4 Rxc4 41. Nxc4 Qc5 42. Rb1 Qd4 43. a6 Ne4 44. h4 Nxf2 45. Qxf2 Qxg4+ 46. Kh2
Nc3 47. Ne3 Qa4 48. Rb4 Qc6 49. Qg3 Ne4 50. Qf4 Nd2 51. Be2 Qc5 52. Ng4 Qc2 53.
a7 e5 54. Nxe5 g5 55. Qxf7+ Rxf7 56. a8=Q+ Rf8 57. Qg2 Qc5 58. Ng4 Qd6+ 59. Kh3
gxh4 60. Kxh4 Kh7 61. Ra4 Rh8 62. Ra8 Rxa8 63. Qxa8 Qe7+ 64. Kg3 Qxe2 65. Qh1+
Kg8 66. Qd5+ Kh7 67. Qh5+ Kg8 68. Nf6+ 1-0

[Event "SC Lindenberg-SV Marbach"]
[Site "Marbach"]
[Date "2003.03.22"]
[Round "7.6"]
[White "Feistenauer, Harald"]
[Black "Raff, Andreas"]
[Result "1-0"]
[WhiteElo "1956"]
[BlackElo "2104"]
[PlyCount "97"]
[EventDate "2003.??.??"]

1. c4 Nf6 2. g3 c6 3. Bg2 d5 4. Nf3 Nbd7 5. d4 e6 6. O-O Bd6 7. Nbd2 O-O 8. Qc2
b5 9. e4 Bc7 10. b3 Rb8 11. Ba3 b4 12. Bb2 dxe4 13. Ng5 h6 14. Ngxe4 Nxe4 15.
Nxe4 f5 16. Nd2 c5 17. Rad1 cxd4 18. Bxd4 Bb6 19. c5 Qc7 20. Rc1 Ba5 21. c6 Nf6
22. Nc4 Rb5 23. Rfe1 Nd5 24. Be5 Qd8 25. Nd6 Nc3 26. Nxb5 Nxb5 27. Qc5 a6 28.
Red1 Qe8 29. Bf1 Bc7 30. Bxb5 Bxe5 31. Qxe5 axb5 32. Rd4 Qe7 33. Qxb5 Qa7 34.
Qxb4 Qxa2 35. Rd2 Qa7 36. Qc5 Qc7 37. Qd6 Qa7 38. Rc4 Qa1+ 39. Rd1 Qb2 40. b4
e5 41. Rc5 f4 42. Qxe5 Qxb4 43. Qd5+ Kh8 44. Rc4 Qb2 45. Rxf4 Rxf4 46. gxf4 Ba6
47. Qe4 Qb6 48. Rd7 Qa5 49. Qe5 1-0

[Event "SC Lindenberg-SV Marbach"]
[Site "Marbach"]
[Date "2003.03.22"]
[Round "7.7"]
[White "Rapp, Uwe"]
[Black "Mittermeier, Peter"]
[Result "1-0"]
[WhiteElo "2066"]
[BlackElo "1956"]
[PlyCount "31"]
[EventDate "2003.??.??"]

1. b3 d5 2. Bb2 c5 3. e3 Nc6 4. Bb5 Bd7 5. Nf3 e6 6. O-O Nf6 7. d3 Be7 8. Bxc6
Bxc6 9. Ne5 Qc7 10. Nd2 O-O 11. f4 a5 12. Rf3 Ne8 13. Rh3 f6 14. Qh5 h6 15. Ng4
Bd8 16. Qg6 1-0

[Event "SC Lindenberg-SV Marbach"]
[Site "Marbach"]
[Date "2003.03.22"]
[Round "7.8"]
[White "Seigert, Frank"]
[Black "Klemm, Juergen"]
[Result "0-1"]
[WhiteElo "1771"]
[BlackElo "1994"]
[PlyCount "60"]
[EventDate "2003.??.??"]

1. d4 Nf6 2. c4 e5 3. e3 exd4 4. exd4 Bb4+ 5. Bd2 Qe7+ 6. Qe2 Nc6 7. Bxb4 Nxb4
8. Qxe7+ Kxe7 9. Na3 Re8 10. f3 d5 11. Kd2 Bf5 12. Nb5 Kd7 13. Nc3 Rad8 14. g4
Bg6 15. h4 dxc4 16. Bxc4 Kc8 17. d5 Nfxd5 18. Nxd5 Nxd5 19. Bxd5 Rxd5+ 20. Kc3
f6 21. b3 Re3+ 22. Kb4 a5+ 23. Ka3 b5 24. Rh2 a4 25. h5 Bf7 26. Rb1 Rdd3 27.
Rhb2 Kb7 28. Re2 axb3 29. axb3 Rxb3+ 30. Ka2 Rb4+ 0-1

[Event "SC HP Boeblingen-Post- SV Ulm"]
[Site "?"]
[Date "2003.03.16"]
[Round "7.1"]
[White "Heidenfeld, Mark"]
[Black "Bauer, Peter"]
[Result "1/2-1/2"]
[WhiteElo "2341"]
[BlackElo "2253"]
[PlyCount "73"]
[EventDate "2003.??.??"]

1. e4 c5 2. Nf3 Nc6 3. Nc3 g6 4. d4 cxd4 5. Nxd4 Bg7 6. Be3 d6 7. Be2 Nf6 8.
O-O O-O 9. Nb3 Be6 10. f4 Qc8 11. Kh1 Rd8 12. Nd4 d5 13. e5 Ng4 14. Bg1 Nxd4
15. Bxd4 Nh6 16. Bd3 Nf5 17. Ne2 f6 18. exf6 Bxf6 19. Bxf5 Bxf5 20. c3 Kg7 21.
Ng3 Qd7 22. Qd2 Rf8 23. Rae1 Rf7 24. Re3 a6 25. Rfe1 Kf8 26. Nxf5 Qxf5 27. g3
Rc8 28. Be5 Rd8 29. c4 d4 30. Rd3 g5 31. Rxd4 Rxd4 32. Qxd4 gxf4 33. Bxf6 Qxf6
34. Qxf6 Rxf6 35. Kg2 fxg3 36. hxg3 Rd6 37. Re2 1/2-1/2

[Event "SC HP Boeblingen-Post- SV Ulm"]
[Site "?"]
[Date "2003.03.16"]
[Round "7.2"]
[White "Tuncer, Ufuk"]
[Black "Mueller, Ralf"]
[Result "1-0"]
[WhiteElo "2204"]
[BlackElo "2279"]
[PlyCount "81"]
[EventDate "2003.??.??"]

1. d4 Nf6 2. Bg5 Ne4 3. Bf4 c5 4. d5 Qb6 5. Bc1 g6 6. f3 Nd6 7. e4 Bg7 8. Nc3
f5 9. exf5 Nxf5 10. Bd3 O-O 11. Nge2 d6 12. a4 Nd7 13. a5 Qd8 14. O-O Ne5 15.
Bxf5 Bxf5 16. b3 b5 17. axb6 Qxb6 18. Be3 Bd7 19. Qd2 Qb4 20. Bh6 a5 21. Bxg7
Kxg7 22. Qe3 Qh4 23. Ne4 h6 24. Nxc5 dxc5 25. Qxe5+ Qf6 26. Qe3 Rfc8 27. Rad1
c4 28. Nd4 cxb3 29. cxb3 a4 30. Rfe1 axb3 31. Nxb3 Ba4 32. Rd3 Bxb3 33. Rxb3
Rc7 34. Rb6 Ra3 35. Rxf6 Rxe3 36. Rxg6+ Kxg6 37. Rxe3 Rd7 38. Re6+ Kg7 39. Re5
Kf6 40. f4 Ra7 41. Kf2 1-0

[Event "SC HP Boeblingen-Post- SV Ulm"]
[Site "?"]
[Date "2003.03.16"]
[Round "7.3"]
[White "Gruber, Thomas"]
[Black "Boehm, Martin"]
[Result "1/2-1/2"]
[WhiteElo "2239"]
[BlackElo "2255"]
[PlyCount "120"]
[EventDate "2003.??.??"]

1. d4 Nf6 2. c4 e6 3. Nc3 Bb4 4. e3 O-O 5. Bd3 d5 6. Nf3 c5 7. O-O Nc6 8. a3
Bxc3 9. bxc3 dxc4 10. Bxc4 Qc7 11. Bd3 e5 12. Qc2 Re8 13. e4 c4 14. Bxc4 Bg4
15. Ng5 Bh5 16. d5 Na5 17. Bd3 h6 18. Nf3 Rac8 19. Nh4 Bg4 20. Bd2 Nc4 21. Be1
Qc5 22. h3 Bd7 23. a4 Nd6 24. Kh1 g5 25. Nf3 b5 26. axb5 Bxb5 27. Bxb5 Qxb5 28.
Kg1 Nfxe4 29. Nh2 Qxd5 30. Ng4 Kg7 31. Rxa7 Qc5 32. Qa2 Rc7 33. Ra5 Qc4 34. Qa3
Nb5 35. Qa1 Nc5 36. Ne3 Qd3 37. Rxb5 Qxb5 38. Nf5+ Kf8 39. Nd6 Qa4 40. Qxa4
Nxa4 41. Nxe8 Kxe8 42. g4 Kd7 43. Kg2 Ke6 44. Bd2 Kd5 45. Ra1 Nb2 46. Ra8 Nc4
47. Rd8+ Ke6 48. Be1 Rc6 49. Kf3 Rd6 50. Rxd6+ Nxd6 51. Ke2 Kd5 52. f3 Nb7 53.
Bf2 Kc4 54. Kd2 Nd6 55. Bb6 Kd5 56. Bc7 Nb5 57. c4+ Kxc4 58. Bxe5 Kd5 59. Bg7
Nd4 60. Ke3 Ne6 1/2-1/2

[Event "SC HP Boeblingen-Post- SV Ulm"]
[Site "?"]
[Date "2003.03.16"]
[Round "7.4"]
[White "Heinl, Thomas"]
[Black "Oberst, Thomas"]
[Result "1-0"]
[WhiteElo "2230"]
[BlackElo "2227"]
[PlyCount "59"]
[EventDate "2003.??.??"]

1. e4 c5 2. Nf3 Nc6 3. d4 cxd4 4. Nxd4 Nf6 5. Nc3 d6 6. Be2 e5 7. Nf3 h6 8. O-O
Be7 9. Re1 Be6 10. Bf1 Nb8 11. h3 O-O 12. Nd5 Nxd5 13. exd5 Bd7 14. c4 f5 15.
c5 e4 16. cxd6 Bxd6 17. Nd2 b5 18. a4 bxa4 19. Nc4 Bb4 20. Re3 Qf6 21. Bd2 Bc5
22. Bc3 Qe7 23. d6 Qe6 24. Ne5 Kh7 25. Rg3 g5 26. Bc4 Qxd6 27. Qh5 Nc6 28. Rd1
Nd4 29. Bxd4 Bxd4 30. Rxd4 1-0

[Event "SC HP Boeblingen-Post- SV Ulm"]
[Site "?"]
[Date "2003.03.16"]
[Round "7.5"]
[White "Kaiser, Dieter"]
[Black "Frolik, Erhard"]
[Result "0-1"]
[WhiteElo "2280"]
[BlackElo "2179"]
[PlyCount "70"]
[EventDate "2003.??.??"]

1. c4 c6 2. Nc3 d5 3. e3 Nf6 4. d4 a6 5. a4 e6 6. Nf3 Be7 7. Bd3 O-O 8. O-O c5
9. Qe2 Nc6 10. Rd1 cxd4 11. exd4 Nb4 12. Bb1 dxc4 13. Ne5 b6 14. Nxc4 Bb7 15.
Bf4 Rc8 16. Be5 g6 17. a5 bxa5 18. Nxa5 Bd5 19. h3 Ba8 20. Bxf6 Bxf6 21. Be4
Nd5 22. Bxd5 Bxd5 23. Qxa6 Ra8 24. Qb5 Rb8 25. Qe2 Qb6 26. Nc4 Bxc4 27. Qxc4
Qxb2 28. Ne4 Bg7 29. Ra7 Rb4 30. Qc6 Rxd4 31. Rf1 Qe2 32. Ng5 Rd1 33. Rxd1
Qxd1+ 34. Kh2 Qd4 35. Ra5 Be5+ 0-1

[Event "SC HP Boeblingen-Post- SV Ulm"]
[Site "?"]
[Date "2003.03.16"]
[Round "7.6"]
[White "Born, Mario"]
[Black "Pieper, Thomas"]
[Result "1-0"]
[WhiteElo "2164"]
[BlackElo "2210"]
[PlyCount "113"]
[EventDate "2003.??.??"]

1. d4 Nf6 2. Nf3 g6 3. g3 Bg7 4. Bg2 O-O 5. c4 d6 6. O-O a6 7. Nc3 Nc6 8. h3
Rb8 9. e4 e5 10. Be3 Bd7 11. Qe2 exd4 12. Bxd4 Nxd4 13. Nxd4 Re8 14. Qd3 Qc8
15. Kh2 c5 16. Nde2 Bc6 17. Nf4 b5 18. Qxd6 Nxe4 19. Nxe4 Bxe4 20. Bxe4 Rxe4
21. Nd5 Kh8 22. Rae1 Be5 23. Qxb8 Qxb8 24. Rxe4 Bxb2 25. Rfe1 Qd6 26. Nf4 Bd4
27. cxb5 axb5 28. Kg1 Bf6 29. h4 h6 30. Re8+ Kh7 31. Rc8 c4 32. Ree8 c3 33. Rf8
Qd7 34. Kh2 b4 35. Rc4 Bg7 36. Rfc8 Qd2 37. Kg2 Qxa2 38. Rxb4 g5 39. hxg5 hxg5
40. Nh3 Qd5+ 41. Kh2 Qf5 42. Rbc4 Bd4 43. R8c7 Qd3 44. Nxg5+ Kg8 45. Rc8+ Kg7
46. R4c7 Qe2 47. Rxf7+ Kh6 48. Nh3 Qa6 49. Rfc7 Qa1 50. Rc6+ Kg7 51. Rd8 Bf6
52. Rd7+ Kg6 53. Rdd6 Kg7 54. Rxf6 c2 55. Rg6+ Kh7 56. Ng5+ Kh8 57. Rc8# 1-0

[Event "SC HP Boeblingen-Post- SV Ulm"]
[Site "?"]
[Date "2003.03.16"]
[Round "7.7"]
[White "Doerflinger, Josef"]
[Black "Remmler, Hans Peter"]
[Result "1/2-1/2"]
[WhiteElo "2239"]
[BlackElo "2158"]
[PlyCount "86"]
[EventDate "2003.??.??"]

1. e4 e5 2. Nf3 Nf6 3. d4 Nxe4 4. Bd3 d5 5. Nxe5 Nd7 6. Nxd7 Bxd7 7. O-O Bd6 8.
Qh5 Be6 9. Bxe4 dxe4 10. Nc3 O-O 11. Nxe4 Be7 12. Bg5 f6 13. Be3 c6 14. Rfe1
Bf7 15. Qh3 Qd5 16. Nc3 Qc4 17. Rad1 Bb4 18. Bd2 Bxc3 19. Bxc3 Qxa2 20. Qd7 Qa6
21. Ra1 Qb6 22. Re7 Rab8 23. Qd6 Rfd8 24. Qg3 Re8 25. Rae1 Rbd8 26. h4 a5 27.
h5 Rxe7 28. Rxe7 Kf8 29. Qe3 Bxh5 30. Qe6 Re8 31. Rxe8+ Bxe8 32. Qd6+ Kf7 33.
d5 Qb5 34. Qe6+ Kf8 35. d6 Qh5 36. Bxa5 Qf7 37. Qe4 Bd7 38. Qxh7 Qd5 39. Bc7
Qd1+ 40. Kh2 Qg4 41. f3 Qf4+ 42. Kg1 Qc1+ 43. Kf2 Qd2+ 1/2-1/2

[Event "SC HP Boeblingen-Post- SV Ulm"]
[Site "?"]
[Date "2003.03.16"]
[Round "7.8"]
[White "Messner, Harry"]
[Black "Schulze, Andreas"]
[Result "1-0"]
[WhiteElo "2094"]
[BlackElo "2160"]
[PlyCount "21"]
[EventDate "2003.??.??"]

1. d4 Nf6 2. c4 g6 3. Nc3 d5 4. cxd5 Nxd5 5. e4 Nxc3 6. bxc3 Bg7 7. Bb5+ c6 8.
Ba4 O-O 9. Ne2 b5 10. Bb3 c5 11. Bd5 1-0

[Event "SV Wolfbusch-SV Marbach"]
[Site "Marbach"]
[Date "2003.04.10"]
[Round "8.1"]
[White "Vokac, Marek"]
[Black "Ott, Frank"]
[Result "1-0"]
[WhiteElo "2529"]
[BlackElo "2285"]
[PlyCount "66"]
[EventDate "2003.??.??"]

1. d4 g6 2. e4 Bg7 3. Nf3 c6 4. h3 d5 5. Nbd2 Nh6 6. c3 O-O 7. Bd3 b6 8. Qe2
Bb7 9. O-O Nd7 10. Re1 Re8 11. e5 f6 12. Nf1 fxe5 13. dxe5 Nc5 14. Nd4 Nf7 15.
f4 Nxd3 16. Qxd3 e6 17. Nf3 c5 18. h4 Qe7 19. h5 gxh5 20. f5 exf5 21. Ng3 d4
22. cxd4 cxd4 23. e6 Nd6 24. Bg5 Qf8 25. Nxh5 Be4 26. Qb3 Kh8 27. Bf4 h6 28.
Nh4 Kh7 29. Nxg7 Qxg7 30. Bxd6 d3 31. Qc3 Qxc3 32. bxc3 Rxe6 33. Bf4 Rc8 1-0

[Event "SV Wolfbusch-SV Marbach"]
[Site "Marbach"]
[Date "2003.04.10"]
[Round "8.2"]
[White "Dietrich, Frank"]
[Black "Sieglen, Joachim"]
[Result "1/2-1/2"]
[WhiteElo "2180"]
[BlackElo "2349"]
[PlyCount "36"]
[EventDate "2003.??.??"]

1. e4 e6 2. Nf3 d5 3. e5 c5 4. b4 cxb4 5. a3 Nc6 6. axb4 Bxb4 7. c3 Be7 8. d4
h5 9. h3 a6 10. Bd3 Bd7 11. O-O Nh6 12. Nh2 g6 13. g4 hxg4 14. hxg4 Na7 15. Qf3
Qc7 16. Ba3 Bc6 17. Nd2 Ng8 18. Qe3 f5 1/2-1/2

[Event "SV Wolfbusch-SV Marbach"]
[Site "Marbach"]
[Date "2003.04.10"]
[Round "8.3"]
[White "Eisele, Steffen"]
[Black "Haecker, Johannes"]
[Result "0-1"]
[WhiteElo "2208"]
[BlackElo "2166"]
[PlyCount "74"]
[EventDate "2003.??.??"]

1. d4 Nf6 2. Nf3 d5 3. c4 e6 4. Bg5 c6 5. Nc3 Nbd7 6. e3 Bb4 7. Qc2 Qa5 8. Nd2
e5 9. dxe5 Ne4 10. Ndxe4 dxe4 11. O-O-O O-O 12. Nxe4 Qxa2 13. Bf4 h6 14. Bd3
Qa1+ 15. Qb1 Qa5 16. Nd6 Nxe5 17. Bh7+ Kh8 18. Qe4 Ng4 19. Qf3 Kxh7 20. Nxc8
Nxf2 21. Qxf2 Raxc8 22. Qc2+ Kg8 23. Kb1 Rcd8 24. g4 Be7 25. Rxd8 Rxd8 26. Rd1
Bf6 27. Rxd8+ Qxd8 28. Bg3 Qd7 29. h3 g6 30. Be1 Bg5 31. Qe2 Qe6 32. Bd2 Qe4+
33. Ka2 Qc2 34. Qe1 Qxc4+ 35. Ka1 Qd3 36. Bc3 Qxe3 37. Qd1 Qc1+ 0-1

[Event "SV Wolfbusch-SV Marbach"]
[Site "Marbach"]
[Date "2003.04.10"]
[Round "8.4"]
[White "Hering, Frank"]
[Black "Brodbeck, Stefan"]
[Result "1/2-1/2"]
[WhiteElo "2120"]
[BlackElo "2127"]
[PlyCount "174"]
[EventDate "2003.??.??"]

1. d4 Nf6 2. c4 g6 3. Nc3 Bg7 4. e4 d6 5. f3 O-O 6. Bg5 c5 7. d5 Na6 8. Qd2 Nc7
9. Nge2 a6 10. Ng3 Bd7 11. Rd1 b5 12. b3 bxc4 13. bxc4 Rb8 14. Bh6 Bxh6 15.
Qxh6 Na8 16. Bd3 Qa5 17. Rc1 Rb2 18. O-O Nb6 19. Rf2 Rxf2 20. Kxf2 Qb4 21. Nd1
Ba4 22. Rb1 Qa5 23. Qc1 Bxd1 24. Qxd1 Nfd7 25. Qc2 Rb8 26. f4 Na4 27. Rxb8+
Nxb8 28. Ne2 Nd7 29. a3 Nab6 30. Qb2 f6 31. Qc3 Qxc3 32. Nxc3 g5 33. g3 Kg7 34.
Be2 gxf4 35. gxf4 Nf8 36. Nd1 Ng6 37. Kg3 Na4 38. h4 Nh8 39. Kg4 Nf7 40. Kf5
Nd8 41. e5 Nb6 42. exd6 exd6 43. Nc3 Nc8 44. Bd3 Ne7+ 45. Kg4 Nf7 46. Kf3 Nh6
47. Nd1 Ng6 48. h5 Ne7 49. Ne3 Nf7 50. Nf1 Nd8 51. Ng3 Nb7 52. Ke3 Kh6 53. Kd2
Kg7 54. Kc3 Kh6 55. Kb3 Kg7 56. Ka4 Nc8 57. Nf5+ Kf7 58. Kb3 Nb6 59. Kc3 Nd7
60. h6 Nf8 61. Kd2 Ng6 62. Ke3 Kg8 63. Be2 Nh8 64. Bd1 Kf8 65. Ba4 Nf7 66. Kd3
Na5 67. Kc3 Nb7 68. Bc6 Nfd8 69. Ba4 Kf7 70. Bc2 Kf8 71. Ng3 Nf7 72. Nf5 Nh8
73. Kd2 Ng6 74. Ke3 Nh8 75. Bd1 Ng6 76. Ke4 Ne7 77. Ne3 Ng8 78. Nf5 Ne7 79. Ne3
Nd8 80. Bh5 Nf7 81. Bxf7 Kxf7 82. f5 Ng8 83. Ng4 Ke7 84. Kd3 Kd7 85. a4 Kc7 86.
a5 Kd7 87. Ke3 Ke7 1/2-1/2

[Event "SV Wolfbusch-SV Marbach"]
[Site "Marbach"]
[Date "2003.04.10"]
[Round "8.5"]
[White "Lach, Bernhard"]
[Black "Flachsbart, Alexander"]
[Result "1-0"]
[WhiteElo "2180"]
[BlackElo "2055"]
[PlyCount "71"]
[EventDate "2003.??.??"]

1. e4 c5 2. Nc3 Nc6 3. Bb5 g6 4. Bxc6 bxc6 5. d3 Bg7 6. Nge2 e6 7. O-O Ne7 8.
Be3 d6 9. Qd2 h6 10. f4 f5 11. Rae1 O-O 12. e5 Nd5 13. exd6 Nxe3 14. Qxe3 Qxd6
15. Na4 Rb8 16. b3 Rb5 17. Kh1 Re8 18. Ng1 e5 19. fxe5 Rxe5 20. Qc1 Be6 21.
Rxe5 Qxe5 22. Re1 Qd6 23. Qe3 Bf7 24. Nf3 Kf8 25. c4 Ra5 26. h4 Kg8 27. Qe7 Bf8
28. Qxd6 Bxd6 29. Ne5 Kg7 30. g3 Ra6 31. Kg2 Be8 32. Re2 Kf6 33. Ng4+ fxg4 34.
Rxe8 h5 35. Re2 Be5 36. Nxc5 1-0

[Event "SV Wolfbusch-SV Marbach"]
[Site "Marbach"]
[Date "2003.04.10"]
[Round "8.6"]
[White "Huettig, Michael"]
[Black "Klaric, Zoran"]
[Result "1-0"]
[WhiteElo "2061"]
[BlackElo "2014"]
[PlyCount "49"]
[EventDate "2003.??.??"]

1. Nf3 Nf6 2. g3 g6 3. Bg2 Bg7 4. O-O O-O 5. d3 d5 6. a3 a5 7. c4 c6 8. Nc3 Na6
9. cxd5 Nxd5 10. Qc2 e5 11. Rb1 h6 12. Rd1 Be6 13. d4 exd4 14. Nxd4 Qf6 15. e4
Nxc3 16. bxc3 Nc5 17. Be3 Bc4 18. Nf5 gxf5 19. Bxc5 Rfd8 20. Bd4 Qe7 21. exf5
Qxa3 22. f6 Bf8 23. Rxb7 a4 24. Qf5 Qd6 25. Be4 1-0

[Event "SV Wolfbusch-SV Marbach"]
[Site "Marbach"]
[Date "2003.04.10"]
[Round "8.7"]
[White "Meschke, Andreas"]
[Black "Erben, Wolfgang"]
[Result "0-1"]
[WhiteElo "2136"]
[BlackElo "2054"]
[PlyCount "152"]
[EventDate "2003.??.??"]

1. e4 Nf6 2. e5 Nd5 3. d4 d6 4. c4 Nb6 5. exd6 cxd6 6. d5 e5 7. Bd3 Be7 8. Nc3
Na6 9. b3 O-O 10. Nge2 f5 11. O-O Bd7 12. a4 Be8 13. Ba3 Rc8 14. Nb5 Bxb5 15.
axb5 Nb8 16. Bb4 a6 17. Nc3 e4 18. Be2 Bf6 19. Ra5 N6d7 20. Qd2 Nc5 21. Ra3 a5
22. Bxa5 Nxb3 23. Rxb3 Qxa5 24. Nxe4 Qxd2 25. Nxd2 Rfe8 26. Bd3 g6 27. Rbb1 Nd7
28. f4 Nc5 29. Rf3 Bc3 30. Nb3 Nxd3 31. Rxd3 Rxc4 32. Rc1 Bd4+ 33. Kf1 Rxc1+
34. Nxc1 Be3 35. Ne2 Re4 36. g3 Bc5 37. Rb3 Ra4 38. Rb2 Ra1+ 39. Kg2 Ra3 40.
Nc1 Rc3 41. Nb3 Rd3 42. Na5 b6 43. Nc6 Kf8 44. Ra2 Rxd5 45. Ra8+ Kf7 46. Ra7+
Kf6 47. Rxh7 Rd2+ 48. Kf1 Ke6 49. Ne7 Rf2+ 50. Ke1 Rb2 51. Nxg6 Kd5 52. g4 Ke4
53. g5 Kd3 54. Rh3+ Be3 55. Kf1 Rf2+ 56. Ke1 Rg2 57. Rg3 Rxh2 58. Kf1 Rf2+ 59.
Kg1 Ke4 60. Rxe3+ Kxe3 61. Ne7 Kf3 62. g6 Rg2+ 63. Kh1 Rg4 64. Nxf5 Kxf4 65.
Ne7 Ke5 66. Nc8 Rxg6 67. Nxb6 d5 68. Na4 Kd6 69. Nc3 Rg3 70. Ne2 Rb3 71. Kg2
Rxb5 72. Kf1 Rb2 73. Ke1 Ke5 74. Nc1 Ke4 75. Kd1 Ke3 76. Ke1 d4 0-1